[Event "Baden-Baden Autumn op"]
[Site "Baden-Baden"]
[Date "2022.11.04"]
[Round "2"]
[White "Kais, Edgar"]
[Black "Chernov, Vadim A"]
[Result "0-1"]
[WhiteElo "1911"]
[BlackElo "2270"]
[PlyCount "54"]
[EventDate "2022.11.03"]
[EventType "swiss"]
[EventRounds "7"]
[EventCountry "GER"]
[SourceTitle "EXT 2024"]
[Source "ChessBase"]
[SourceDate "2023.10.10"]
[SourceVersion "1"]
[SourceVersionDate "2023.10.10"]
[SourceQuality "1"]

1. Nf3 Nf6 2. c4 Nc6 3. d4 e6 4. g3 Bb4+ 5. Bd2 Qe7 6. a3 Bxd2+ 7. Nbxd2 d6 8. Bg2 a5 9. 0-0 e5 10. d5 Nb8 11. b4 e4 12. Ng5 e3 13. Nde4 Nxe4 14. Nxe4 exf2+ 15. Nxf2 0-0 16. Qd4 axb4 17. axb4 Rxa1 18. Rxa1 Qxe2 19. c5 dxc5 20. bxc5 Nd7 21. Nd3 Qd2 22. Re1 b6 23. cxb6 Nxb6 24. Re7 Ba6 25. Rxc7 Qxd3 26. Qxb6 Qd1+ 27. Kf2 Qe2+ 0-1

[Event "Untergrombach op 37th"]
[Site "Untergrombach"]
[Date "2020.01.05"]
[Round "5"]
[White "Kais, Edgar"]
[Black "Zimmer, Rolf"]
[Result "1/2-1/2"]
[WhiteElo "1966"]
[BlackElo "2091"]
[PlyCount "80"]
[EventDate "2020.01.02"]
[EventType "swiss"]
[EventRounds "7"]
[EventCountry "GER"]
[SourceTitle "CBM 194 Extra"]
[Source "ChessBase"]
[SourceDate "2020.03.31"]
[SourceVersion "1"]
[SourceVersionDate "2020.03.31"]
[SourceQuality "1"]

1. c4 f5 2. g3 Nf6 3. Bg2 d6 4. d4 Nc6 5. Nf3 g6 6. b3 Bg7 7. Bb2 Ne4 8. Nbd2 Nxd2 9. Qxd2 0-0 10. 0-0 e5 11. dxe5 dxe5 12. Rad1 e4 13. Qc1 Bxb2 14. Qxb2 Qe7 15. Nd4 Ne5 16. Nc2 Nf7 17. Qc3 Be6 18. Rd2 a5 19. Rfd1 c6 20. f3 exf3 21. exf3 f4 22. Re1 Rfe8 23. gxf4 Nh6 24. Kh1 Qh4 25. Rde2 Kf7 26. Nd4 Bd7 27. Re4 c5 28. Nb5 Nf5 29. Kg1 Bc6 30. Rxe8 Rxe8 31. Rxe8 Kxe8 32. Qe5+ Qe7 33. Kf2 Kf7 34. Qxe7+ Kxe7 35. Bf1 Bxb5 36. cxb5 b6 37. Bc4 Kf6 38. Bd3 Nd4 39. Ke3 h6 40. Ke4 Ke6 1/2-1/2

[Event "Verbandsliga Suedbaden 1718"]
[Site "Baden"]
[Date "2017.11.05"]
[Round "2.6"]
[White "Kais, Edgar"]
[Black "Gross, Markus"]
[Result "1-0"]
[WhiteElo "2007"]
[BlackElo "2034"]
[PlyCount "119"]
[EventDate "2017.10.08"]
[EventType "team-tourn"]
[EventRounds "9"]
[EventCountry "GER"]
[SourceTitle "EXT 2019"]
[Source "ChessBase"]
[SourceDate "2018.10.10"]
[SourceVersion "1"]
[SourceVersionDate "2018.10.10"]
[SourceQuality "1"]
[WhiteTeam "Oberwinden"]
[BlackTeam "Heitersheim"]
[WhiteTeamCountry "GER"]
[BlackTeamCountry "GER"]

1. Nf3 Nf6 2. c4 e6 3. g3 b6 4. Bg2 Bb7 5. 0-0 Be7 6. d4 0-0 7. Nc3 Ne4 8. Qc2 Nxc3 9. Qxc3 f5 10. Rd1 Bf6 11. Qc2 Be4 12. Qd2 d6 13. b3 Nd7 14. Bb2 Qe7 15. Ne1 Bxg2 16. Nxg2 Bg5 17. e3 Nf6 18. Nf4 Ne4 19. Qc2 g6 20. a4 Bh6 21. d5 e5 22. Ne6 Rf7 23. b4 Ng5 24. Nxg5 Bxg5 25. c5 Rff8 26. Rac1 Rfd8 27. cxd6 cxd6 28. Qb3 Rac8 29. Rc6 Rc7 30. Rdc1 Rcd7 31. b5 Bf6 32. Qc4 e4 33. Bxf6 Qxf6 34. Rc8 Qe7 35. Qc6 Kg7 36. Kg2 Kh6 37. Qa8 Rxc8 38. Qxc8 Qf7 39. h4 Qe7 40. Qh8 Rd8 41. Qd4 Rd7 42. Rc6 Qg7 43. Qc4 Qf7 44. g4 fxg4 45. Qxe4 Qf5 46. Qxf5 gxf5 47. Kg3 Kg6 48. Kf4 Kf6 49. h5 h6 50. Rc8 Kg7 51. Kxf5 Rf7+ 52. Kxg4 Rxf2 53. Rd8 Ra2 54. Rxd6 Rxa4+ 55. Kf5 Rb4 56. Rd7+ Kf8 57. Rxa7 Rxb5 58. e4 Rb1 59. d6 b5 60. Ke6 1-0

[Event "Verbandsliga Suedbaden 1718"]
[Site "Baden"]
[Date "2017.10.08"]
[Round "1.5"]
[White "Kais, Edgar"]
[Black "Knaus, Max"]
[Result "1/2-1/2"]
[WhiteElo "2007"]
[BlackElo "1993"]
[PlyCount "69"]
[EventDate "2017.10.08"]
[EventType "team-tourn"]
[EventRounds "9"]
[EventCountry "GER"]
[SourceTitle "EXT 2019"]
[Source "ChessBase"]
[SourceDate "2018.10.10"]
[SourceVersion "1"]
[SourceVersionDate "2018.10.10"]
[SourceQuality "1"]
[WhiteTeam "Oberwinden"]
[BlackTeam "Pfullendorf"]
[WhiteTeamCountry "GER"]
[BlackTeamCountry "GER"]

1. d4 d5 2. c4 c6 3. cxd5 cxd5 4. Nc3 Nf6 5. Bf4 a6 6. e3 Nc6 7. Nf3 e6 8. Rc1 Bd6 9. Bg3 Bxg3 10. hxg3 Qa5 11. Bd3 h6 12. 0-0 0-0 13. Qa4 Qb4 14. Qxb4 Nxb4 15. Bb1 Bd7 16. a3 Nc6 17. Ne2 Rac8 18. Rc5 Ne7 19. Rfc1 Rxc5 20. Rxc5 Rc8 21. b4 b6 22. Rxc8+ Nxc8 23. Ne5 Be8 24. Bd3 b5 25. Nc1 Nb6 26. Nb3 Nfd7 27. Nxd7 Bxd7 28. Nc5 Bc8 29. Kf1 Kf8 30. Ke2 Ke7 31. Kd1 Kd6 32. Kc2 Kc7 33. Kc3 f6 34. f3 Kc6 35. Be2 1/2-1/2

[Event "Oberliga Baden 1617"]
[Site "Baden"]
[Date "2017.04.23"]
[Round "8.7"]
[White "Kais, Edgar"]
[Black "Hess, Markus"]
[Result "0-1"]
[WhiteElo "2013"]
[BlackElo "2163"]
[PlyCount "156"]
[EventDate "2016.10.16"]
[EventType "team-tourn"]
[EventRounds "9"]
[EventCountry "GER"]
[SourceTitle "EXT 2018"]
[Source "ChessBase"]
[SourceDate "2017.10.13"]
[SourceVersion "1"]
[SourceVersionDate "2017.10.13"]
[SourceQuality "1"]
[WhiteTeam "Oberwinden"]
[BlackTeam "Walldorf"]
[WhiteTeamCountry "GER"]
[BlackTeamCountry "GER"]

1. d4 c5 2. d5 e5 3. e4 d6 4. Nc3 Be7 5. Nf3 Nf6 6. Bb5+ Nbd7 7. 0-0 a6 8. Bxd7+ Bxd7 9. a4 b5 10. axb5 axb5 11. Rxa8 Qxa8 12. Qe2 Qb7 13. b4 c4 14. Be3 0-0 15. Ra1 Ra8 16. Qe1 h6 17. h3 Ne8 18. Qb1 Bd8 19. Nd2 Rxa1 20. Qxa1 Bb6 21. Bxb6 Qxb6 22. Ne2 f5 23. Qa5 Qb8 24. Nc3 Nc7 25. f3 f4 26. Nf1 Kf7 27. Kf2 Ke7 28. Nh2 h5 29. Nf1 Kd8 30. Nd2 Kc8 31. Ndb1 Kd8 32. Na3 Ke7 33. Kf1 g5 34. Kf2 Kf6 35. Ke1 g4 36. hxg4 hxg4 37. Ke2 Kg5 38. Kf2 Kh4 39. Nab1 g3+ 40. Kf1 Bc8 41. Ne2 Ba6 42. Ng1 Qa7 43. Nh3 Kh5 44. Nc3 Qb7 45. Ne2 Qa7 46. Qa1 Kg6 47. Nexf4+ exf4 48. Qh8 Kf7 49. Qd8 Ne8 50. Ng5+ Kg6 51. Qxe8+ Kxg5 52. Qd8+ Kh5 53. Qh8+ Kg6 54. Qg8+ Qg7 55. Qe6+ Qf6 56. Qg4+ Kf7 57. Qd7+ Kf8 58. Qc6 Qh6 59. Qxa6 Qh1+ 60. Ke2 Qxg2+ 61. Kd1 Qxf3+ 62. Kc1 Ke7 63. Qc8 Qxe4 64. Qc7+ Kf6 65. Qxd6+ Kf5 66. Qf8+ Ke5 67. d6 Qe1+ 68. Kb2 Qxb4+ 69. Ka1 Qxd6 70. Qe8+ Kd4 71. Qxb5 g2 72. c3+ Kxc3 73. Qb2+ Kd3 74. Qb1+ Ke2 75. Qc2+ Kf3 76. Qc3+ Qd3 77. Qc1 Qf1 78. Ka2 g1Q 0-1

[Event "Verbandsliga Suedbaden 1415"]
[Site "Baden"]
[Date "2015.02.08"]
[Round "6.4"]
[White "Schaedler, Juergen"]
[Black "Kais, Edgar"]
[Result "1/2-1/2"]
[WhiteElo "2070"]
[BlackElo "2104"]
[PlyCount "43"]
[EventDate "2014.10.12"]
[EventType "team-tourn"]
[EventRounds "9"]
[EventCountry "GER"]
[SourceTitle "EXT 2022"]
[Source "ChessBase"]
[SourceDate "2021.10.06"]
[SourceVersion "1"]
[SourceVersionDate "2021.10.06"]
[SourceQuality "1"]
[WhiteTeam "Konstanz"]
[BlackTeam "Oberwinden"]
[WhiteTeamCountry "GER"]
[BlackTeamCountry "GER"]

1. d4 d6 2. Nf3 Bg4 3. e3 Nf6 4. Be2 c6 5. 0-0 Nbd7 6. c4 e5 7. Nc3 Be7 8. b3 0-0 9. Bb2 Re8 10. Qc2 Bf8 11. Rfe1 e4 12. Nd2 Bf5 13. f3 Qe7 14. fxe4 Nxe4 15. Ndxe4 Bxe4 16. Nxe4 Qxe4 17. Qxe4 Rxe4 18. Bf3 Re7 19. Ba3 Ree8 20. Rad1 f5 21. Bb2 Nf6 22. d5 1/2-1/2

[Event "Rheinland Pfalz op 6th"]
[Site "Gau Algesheim"]
[Date "2014.06.21"]
[Round "4"]
[White "Kais, Edgar"]
[Black "Knapp, Michael"]
[Result "1-0"]
[WhiteElo "2111"]
[BlackElo "1978"]
[PlyCount "53"]
[EventDate "2014.06.19"]
[EventType "swiss"]
[EventRounds "7"]
[EventCountry "GER"]
[SourceTitle "CBM 161 Extra"]
[Source "ChessBase"]
[SourceDate "2014.08.29"]
[SourceVersion "1"]
[SourceVersionDate "2014.08.29"]
[SourceQuality "1"]

1. d4 Nf6 2. c4 e6 3. g3 d5 4. Nf3 Nbd7 5. Bg2 Be7 6. 0-0 0-0 7. Qd3 b6 8. cxd5 exd5 9. Nc3 Bb7 10. Bg5 Ne4 11. Bxe7 Qxe7 12. Rfd1 Rfe8 13. e3 Ndf6 14. Ne5 c5 15. Rac1 Rac8 16. Rc2 cxd4 17. exd4 Nxc3 18. Rxc3 Rxc3 19. Qxc3 Rc8 20. Qd2 Ne4 21. Qf4 Rc2 22. Bxe4 dxe4 23. d5 f6 24. d6 Qd8 25. d7 Rc7 26. Qf5 Rc5 27. Qe6+ 1-0

[Event "Verbandsliga Sued Baden 1314"]
[Site "Germany"]
[Date "2014.04.13"]
[Round "9.3"]
[White "Kais, Edgar"]
[Black "Schaedler, Juergen"]
[Result "1/2-1/2"]
[WhiteElo "2111"]
[BlackElo "2077"]
[PlyCount "28"]
[EventDate "2013.10.20"]
[EventType "team-tourn"]
[EventRounds "9"]
[EventCountry "GER"]
[SourceTitle "EXT 2015"]
[Source "ChessBase"]
[SourceDate "2014.11.20"]
[SourceVersion "1"]
[SourceVersionDate "2014.11.20"]
[SourceQuality "1"]
[WhiteTeam "Oberwinden"]
[BlackTeam "Konstanz"]
[WhiteTeamCountry "GER"]
[BlackTeamCountry "GER"]

1. b3 d5 2. Bb2 Bf5 3. Nf3 e6 4. g3 Nf6 5. Bg2 h6 6. d3 Be7 7. Nbd2 0-0 8. 0-0 c6 9. Re1 Bh7 10. e4 a5 11. e5 Nfd7 12. a3 b5 13. h4 a4 14. b4 c5 1/2-1/2

[Event "Verbandsliga Sued Baden 1314"]
[Site "Germany"]
[Date "2014.02.02"]
[Round "5.4"]
[White "Bauer, Andreas"]
[Black "Kais, Edgar"]
[Result "1-0"]
[WhiteElo "2188"]
[BlackElo "2111"]
[PlyCount "65"]
[EventDate "2013.10.20"]
[EventType "team-tourn"]
[EventRounds "9"]
[EventCountry "GER"]
[SourceTitle "EXT 2015"]
[Source "ChessBase"]
[SourceDate "2014.11.20"]
[SourceVersion "1"]
[SourceVersionDate "2014.11.20"]
[SourceQuality "1"]
[WhiteTeam "Emmendingen"]
[BlackTeam "Oberwinden"]
[WhiteTeamCountry "GER"]
[BlackTeamCountry "GER"]

1. e4 c5 2. Nc3 Nc6 3. Bb5 Nd4 4. Bc4 e6 5. Nge2 Ne7 6. 0-0 Nec6 7. Nxd4 cxd4 8. Ne2 a6 9. a4 Qc7 10. d3 Bc5 11. f4 Rb8 12. f5 b5 13. axb5 axb5 14. Bb3 Bd6 15. Bf4 Bb7 16. Bxd6 Qxd6 17. Ng3 Ne5 18. Qh5 Kd8 19. h3 Kc7 20. Qh4 g5 21. Qh5 g4 22. Ne2 Rbg8 23. Kh1 gxh3 24. gxh3 f6 25. Rg1 Rg5 26. Rxg5 fxg5 27. Rf1 exf5 28. Rxf5 Rf8 29. Nxd4 Kb6 30. Qxg5 Rxf5 31. Nxf5 Bxe4+ 32. dxe4 Qd1+ 33. Qg1+ 1-0

[Event "Verbandsliga Sued Baden 1213"]
[Site "Baden"]
[Date "2012.12.16"]
[Round "3.5"]
[White "Kais, Edgar"]
[Black "Menge, Matthias"]
[Result "1-0"]
[WhiteElo "2111"]
[BlackElo "2039"]
[PlyCount "87"]
[EventDate "2012.10.21"]
[EventType "team-tourn"]
[EventRounds "9"]
[EventCountry "GER"]
[SourceTitle "EXT 2014"]
[Source "ChessBase"]
[SourceDate "2013.11.20"]
[SourceVersion "1"]
[SourceVersionDate "2013.11.20"]
[SourceQuality "1"]
[WhiteTeam "Oberwinden"]
[BlackTeam "Iffezheim"]
[WhiteTeamCountry "GER"]
[BlackTeamCountry "GER"]

1. d4 d5 2. Nf3 Nf6 3. c4 dxc4 4. Qa4+ Bd7 5. Qxc4 e6 6. g3 Be7 7. Bg2 0-0 8. Ne5 Bc6 9. Nxc6 Nxc6 10. Bxc6 bxc6 11. Nc3 Rb8 12. 0-0 Rb4 13. Qxc6 Rxd4 14. Be3 Rb4 15. b3 Qb8 16. Rac1 Qb7 17. Na4 Bd6 18. Rfd1 Nd5 19. Qxb7 Rxb7 20. Bc5 f5 21. Rc4 Nb6 22. Nxb6 axb6 23. Bxd6 cxd6 24. Rxd6 b5 25. Rb4 Kf7 26. a4 Ke7 27. Rc6 Rfb8 28. a5 Kd7 29. Rc2 Ra8 30. Rd4+ Ke7 31. b4 Rd8 32. Rxd8 Kxd8 33. Rc5 Kd7 34. Kg2 Kd6 35. Kf3 Rb8 36. Kf4 Rb7 37. h4 Rb8 38. Kg5 Rb7 39. h5 Ke7 40. Rc8 Kd6 41. Rc5 Ke7 42. a6 Ra7 43. Rc6 Kd7 44. Rb6 1-0

[Event "Verbandsliga Sued Baden 1213"]
[Site "Baden"]
[Date "2012.11.18"]
[Round "2.5"]
[White "Norgauer, Michael"]
[Black "Kais, Edgar"]
[Result "1-0"]
[WhiteElo "1987"]
[BlackElo "2111"]
[PlyCount "97"]
[EventDate "2012.10.21"]
[EventType "team-tourn"]
[EventRounds "9"]
[EventCountry "GER"]
[SourceTitle "EXT 2014"]
[Source "ChessBase"]
[SourceDate "2013.11.20"]
[SourceVersion "1"]
[SourceVersionDate "2013.11.20"]
[SourceQuality "1"]
[WhiteTeam "Konstanz"]
[BlackTeam "Oberwinden"]
[WhiteTeamCountry "GER"]
[BlackTeamCountry "GER"]

1. c4 d6 2. Nc3 f5 3. g3 Nf6 4. Bg2 g6 5. d4 Bg7 6. Nh3 0-0 7. 0-0 Nc6 8. e3 e5 9. d5 Ne7 10. Ng5 h6 11. Ne6 Bxe6 12. dxe6 c6 13. b4 Ne8 14. Ba3 Qc8 15. b5 Qxe6 16. Rc1 Kh7 17. Qa4 e4 18. Rfd1 Be5 19. bxc6 bxc6 20. Bh3 Nf6 21. Ne2 h5 22. Nd4 Qd7 23. c5 d5 24. f4 exf3 25. Nxf3 Bc7 26. Bb2 Neg8 27. Qd4 Qe7 28. Rd3 Rab8 29. Ra3 a5 30. Bc3 Rb5 31. Ba1 Kh6 32. Bf1 Rb4 33. Qc3 Re8 34. Re1 Qe4 35. Nd4 Be5 36. Qd2 Bxd4 37. exd4+ Kg7 38. Rxe4 Nxe4 39. Qf4 Rb1 40. Bc3 Re7 41. Bxa5 Reb7 42. Bb6 Ngf6 43. Ra8 Nc3 44. Qe5 Kf7 45. Qe3 Nfe4 46. Qh6 Ne2+ 47. Kg2 Nxd4 48. Qf8+ Ke6 49. Re8+ 1-0

[Event "Oberliga Baden 1112"]
[Site "Germany"]
[Date "2012.03.18"]
[Round "8.4"]
[White "Kais, Edgar"]
[Black "Wiechert, Hans"]
[Result "0-1"]
[WhiteElo "2128"]
[BlackElo "2274"]
[PlyCount "62"]
[EventDate "2011.10.02"]
[EventType "team-tourn"]
[EventRounds "9"]
[EventCountry "GER"]
[SourceTitle "EXT 2013"]
[Source "ChessBase"]
[SourceDate "2012.11.22"]
[SourceVersion "1"]
[SourceVersionDate "2012.11.22"]
[SourceQuality "1"]
[WhiteTeam "Oberwinden"]
[BlackTeam "Kuppenheim"]
[WhiteTeamCountry "GER"]
[BlackTeamCountry "GER"]

1. Nf3 Nf6 2. c4 c6 3. g3 d5 4. Bg2 Bg4 5. cxd5 Nxd5 6. Nc3 e6 7. 0-0 Nd7 8. d4 Be7 9. e4 Nxc3 10. bxc3 0-0 11. Qb3 b6 12. a4 Qc7 13. Bf4 Qb7 14. e5 Rac8 15. Nd2 Qa6 16. Rfe1 c5 17. d5 g5 18. h3 gxf4 19. hxg4 fxg3 20. fxg3 Qd3 21. dxe6 c4 22. exf7+ Rxf7 23. Nxc4 Rxc4 24. Rad1 Qxg3 25. Qxc4 Bc5+ 26. Rd4 Qxe1+ 27. Kh2 Qh4+ 28. Bh3 Nxe5 29. Qe6 Nf3+ 30. Kg2 Nxd4 31. cxd4 Qf2+ 0-1

[Event "Oberliga Baden 1112"]
[Site "Germany"]
[Date "2012.02.26"]
[Round "7.4"]
[White "Mueller, Olaf"]
[Black "Kais, Edgar"]
[Result "1-0"]
[WhiteElo "2293"]
[BlackElo "2128"]
[PlyCount "123"]
[EventDate "2011.10.02"]
[EventType "team-tourn"]
[EventRounds "9"]
[EventCountry "GER"]
[SourceTitle "EXT 2013"]
[Source "ChessBase"]
[SourceDate "2012.11.22"]
[SourceVersion "1"]
[SourceVersionDate "2012.11.22"]
[SourceQuality "1"]
[WhiteTeam "Kirchheim"]
[BlackTeam "Oberwinden"]
[WhiteTeamCountry "GER"]
[BlackTeamCountry "GER"]

1. Nf3 c5 2. c4 Nf6 3. g3 b6 4. Bg2 Bb7 5. 0-0 g6 6. d4 cxd4 7. Qxd4 d6 8. Nc3 Nbd7 9. Qh4 Rc8 10. Bh6 Bxh6 11. Qxh6 Rxc4 12. Ng5 Bxg2 13. Qg7 Rf8 14. Kxg2 Qa8+ 15. Kg1 Rc5 16. Qh6 Ne5 17. f3 Nc4 18. b3 Ng8 19. Qh4 Ne3 20. Rfc1 Qc8 21. Qf4 f6 22. Nge4 Nf5 23. Nxc5 bxc5 24. Qc4 Qb7 25. Rab1 a5 26. Nb5 Kd7 27. e4 Ng7 28. Rd1 Ne6 29. Nc3 Nd4 30. Kg2 e5 31. a3 f5 32. b4 axb4 33. axb4 fxe4 34. fxe4 Qc6 35. Nd5 cxb4 36. Qxc6+ Nxc6 37. Rf1 Rxf1 38. Rxf1 b3 39. Rf7+ Nge7 40. Nxe7 Nxe7 41. Rf3 b2 42. Rb3 d5 43. Kf3 d4 44. Rxb2 Ke6 45. Rb6+ Kf7 46. Ke2 h6 47. Kd3 Ng8 48. Rb7+ Ke6 49. Rg7 Ne7 50. Kc4 Kf6 51. Rh7 h5 52. Rh8 Ke6 53. Kc5 Kf7 54. Ra8 Ke6 55. Rf8 Kd7 56. Rf6 g5 57. Rd6+ Kc7 58. Re6 Kd7 59. Rh6 Kc7 60. Rxh5 d3 61. Rh7 d2 62. Rxe7+ 1-0

[Event "Oberliga Baden 1112"]
[Site "Germany"]
[Date "2012.01.15"]
[Round "5.6"]
[White "Schmitt, Philipp"]
[Black "Kais, Edgar"]
[Result "1-0"]
[WhiteElo "2122"]
[BlackElo "2128"]
[PlyCount "95"]
[EventDate "2011.10.02"]
[EventType "team-tourn"]
[EventRounds "9"]
[EventCountry "GER"]
[SourceTitle "EXT 2013"]
[Source "ChessBase"]
[SourceDate "2012.11.22"]
[SourceVersion "1"]
[SourceVersionDate "2012.11.22"]
[SourceQuality "1"]
[WhiteTeam "Bad Mergentheim"]
[BlackTeam "Oberwinden"]
[WhiteTeamCountry "GER"]
[BlackTeamCountry "GER"]

1. e4 c5 2. Nf3 Nc6 3. d4 cxd4 4. Nxd4 Qb6 5. Nb3 Nf6 6. Nc3 e6 7. Be3 Qc7 8. a3 d6 9. Qd2 a6 10. 0-0-0 Be7 11. f3 Rb8 12. g4 b5 13. g5 Nd7 14. f4 Nb6 15. Bxb5 axb5 16. Nxb5 Qb7 17. Bxb6 0-0 18. Bc7 Qxb5 19. Bxb8 Nxb8 20. h4 Bb7 21. Rhe1 Rc8 22. Kb1 Qa4 23. Qd3 Nd7 24. e5 d5 25. Nd4 Ba6 26. Qb3 Qa5 27. f5 Rb8 28. Nc6 Rxb3 29. Nxa5 Rb6 30. f6 Bxa3 31. Nb3 Bf8 32. Nd4 Nc5 33. b3 Ne4 34. Kb2 Bb4 35. Re3 Nf2 36. Rg1 Bc5 37. c3 Rb8 38. Ra1 Bc4 39. Rf3 Ne4 40. Kc2 Bxb3+ 41. Nxb3 Rxb3 42. Ra8+ Bf8 43. Rd3 Rb7 44. Rd1 Rc7 45. Rda1 h6 46. Rxf8+ Kh7 47. Raa8 gxf6 48. h5 1-0

[Event "Oberliga Baden 1112"]
[Site "Germany"]
[Date "2011.10.23"]
[Round "2.5"]
[White "Saering, Patrick"]
[Black "Kais, Edgar"]
[Result "1-0"]
[WhiteElo "2138"]
[BlackElo "2118"]
[PlyCount "45"]
[EventDate "2011.10.02"]
[EventType "team-tourn"]
[EventRounds "9"]
[EventCountry "GER"]
[SourceTitle "EXT 2013"]
[Source "ChessBase"]
[SourceDate "2012.11.22"]
[SourceVersion "1"]
[SourceVersionDate "2012.11.22"]
[SourceQuality "1"]
[WhiteTeam "Waldshut"]
[BlackTeam "Oberwinden"]
[WhiteTeamCountry "GER"]
[BlackTeamCountry "GER"]

1. d4 d5 2. c4 c6 3. Nc3 Nf6 4. Nf3 dxc4 5. a4 Bf5 6. e3 e6 7. Bxc4 Nbd7 8. 0-0 Bd6 9. Qe2 Ne4 10. Nd2 Nxc3 11. bxc3 h6 12. e4 Bh7 13. Qg4 Qg5 14. Qh3 h5 15. f4 Bxf4 16. Nf3 Be3+ 17. Kh1 Qh6 18. Ne5 Bxc1 19. Nxf7 Qg6 20. Nxh8 Qxe4 21. Raxc1 Bf5 22. Qxh5+ g6 23. Nxg6 1-0

[Event "Oberliga Baden 1112"]
[Site "Germany"]
[Date "2011.10.02"]
[Round "1.5"]
[White "Schlager, Thomas"]
[Black "Kais, Edgar"]
[Result "0-1"]
[WhiteElo "2262"]
[BlackElo "2118"]
[PlyCount "59"]
[EventDate "2011.10.02"]
[EventType "team-tourn"]
[EventRounds "9"]
[EventCountry "GER"]
[SourceTitle "EXT 2013"]
[Source "ChessBase"]
[SourceDate "2012.11.22"]
[SourceVersion "1"]
[SourceVersionDate "2012.11.22"]
[SourceQuality "1"]
[WhiteTeam "Karlsruhe"]
[BlackTeam "Oberwinden"]
[WhiteTeamCountry "GER"]
[BlackTeamCountry "GER"]

1. d4 e6 2. c4 d5 3. Nf3 c5 4. cxd5 exd5 5. Bg5 Be7 6. Bxe7 Nxe7 7. dxc5 Qa5+ 8. Nc3 Qxc5 9. e3 Nbc6 10. Be2 0-0 11. 0-0 Bg4 12. Rc1 Rad8 13. Na4 Qd6 14. Nc5 Qf6 15. Qd2 b6 16. Nb3 Bxf3 17. Bxf3 Rd6 18. Rfd1 Ne5 19. Nd4 Qh4 20. Rc7 Rh6 21. h3 Qg5 22. Kf1 Rg6 23. Qe2 Nxf3 24. Qxf3 Rf6 25. Qe2 Rg6 26. Qg4 Qe5 27. Qd7 Qh2 28. Qxe7 Rxg2 29. Rc2 Qg1+ 30. Ke2 0-1

[Event "Verbandsliga Sued Baden 1011"]
[Site "Baden"]
[Date "2011.03.13"]
[Round "7.5"]
[White "Stuart, Robert"]
[Black "Kais, Edgar"]
[Result "1/2-1/2"]
[WhiteElo "2150"]
[BlackElo "2118"]
[PlyCount "36"]
[EventDate "2010.10.17"]
[EventType "team-tourn"]
[EventRounds "9"]
[EventCountry "GER"]
[SourceTitle "EXT 2012"]
[Source "ChessBase"]
[SourceDate "2011.11.24"]
[SourceVersion "1"]
[SourceVersionDate "2011.11.24"]
[SourceQuality "1"]
[WhiteTeam "Horben"]
[BlackTeam "Oberwinden"]
[WhiteTeamCountry "GER"]
[BlackTeamCountry "GER"]

1. e4 Nf6 2. Bc4 Nxe4 3. Bxf7+ Kxf7 4. Qh5+ Kg8 5. Qd5+ e6 6. Qxe4 d5 7. Qe2 Bd6 8. Nf3 Qf6 9. Nc3 a6 10. d3 Nc6 11. h4 Bd7 12. Be3 Ne5 13. 0-0-0 b5 14. Nxe5 Bxe5 15. Bg5 Bf4+ 16. Bxf4 Qxf4+ 17. Qe3 Qxe3+ 18. fxe3 Kf7 1/2-1/2

[Event "Baden-ch"]
[Site "Haslach im Kinzigtal"]
[Date "2010.06.04"]
[Round "6"]
[White "Kupfer, Michael"]
[Black "Kais, Edgar"]
[Result "0-1"]
[WhiteElo "2124"]
[BlackElo "2087"]
[PlyCount "90"]
[EventDate "2010.05.31"]
[EventType "swiss"]
[EventRounds "9"]
[EventCountry "GER"]
[SourceTitle "EXT 2011"]
[Source "ChessBase"]
[SourceDate "2010.11.26"]
[SourceVersion "1"]
[SourceVersionDate "2010.11.26"]
[SourceQuality "1"]

1. d4 d5 2. Bf4 Nf6 3. e3 c6 4. Nf3 Bg4 5. Be2 Qb6 6. Nbd2 e6 7. 0-0 Be7 8. c4 0-0 9. Qc2 Nbd7 10. h3 Bh5 11. c5 Qd8 12. b4 Ne4 13. Bd3 f5 14. Ne5 g5 15. Bh2 Nxe5 16. Bxe5 Bf6 17. Bh2 Kh8 18. Nb3 Bg7 19. f3 Nf6 20. g4 Bg6 21. gxf5 exf5 22. Bxf5 Bxf5 23. Qxf5 Ng8 24. Qd3 Qd7 25. Kg2 Rae8 26. Rae1 Re6 27. Rh1 Nh6 28. e4 dxe4 29. fxe4 g4 30. Rhf1 gxh3+ 31. Qxh3 Rxf1 32. Rxf1 Rg6+ 33. Bg3 Ng4 34. Rh1 Bh6 35. Kf1 Qf7+ 36. Ke1 Qc4 37. Bf4 Qxb4+ 38. Nd2 Qxd4 39. Rf1 Qxc5 40. Bxh6 Nxh6 41. Qc8+ Ng8 42. Qh3 Qd4 43. Rf7 Rh6 44. Qg2 Rd6 45. Qh2 Qa1+ 0-1

[Event "Baden-ch"]
[Site "Haslach im Kinzigtal"]
[Date "2010.06.03"]
[Round "5"]
[White "Scherer, Max"]
[Black "Kais, Edgar"]
[Result "1-0"]
[WhiteElo "2228"]
[BlackElo "2087"]
[PlyCount "81"]
[EventDate "2010.05.31"]
[EventType "swiss"]
[EventRounds "9"]
[EventCountry "GER"]
[SourceTitle "EXT 2011"]
[Source "ChessBase"]
[SourceDate "2010.11.26"]
[SourceVersion "1"]
[SourceVersionDate "2010.11.26"]
[SourceQuality "1"]

1. c4 e6 2. Nf3 d5 3. g3 Nf6 4. Bg2 dxc4 5. 0-0 Nbd7 6. Qa4 a6 7. Qxc4 b5 8. Qc2 Bb7 9. d3 c5 10. Nc3 Be7 11. a4 Qb6 12. Bf4 0-0 13. Qb3 b4 14. a5 Qa7 15. Nb1 h6 16. e4 g5 17. Be3 Ng4 18. Bc1 Rfd8 19. Nbd2 Nde5 20. Ne1 Nxf2 21. Rxf2 c4 22. Nxc4 Ng4 23. d4 Nxf2 24. Kxf2 Qxd4+ 25. Be3 Qf6+ 26. Kg1 Qg6 27. Nb6 Rab8 28. Qc4 f5 29. exf5 Qxf5 30. Bxb7 Rxb7 31. Ng2 Qe5 32. Qxa6 Qxb2 33. Re1 Rc7 34. Nc4 Qf6 35. Rf1 Qg7 36. Qxe6+ Kh8 37. Ne5 Rdc8 38. Rf7 Rc1+ 39. Bxc1 Rxc1+ 40. Kf2 Bc5+ 41. Ke2 1-0

[Event "Baden-ch"]
[Site "Haslach im Kinzigtal"]
[Date "2010.06.02"]
[Round "4"]
[White "Kais, Edgar"]
[Black "Braeunlin, Klaus"]
[Result "0-1"]
[WhiteElo "2087"]
[BlackElo "2086"]
[PlyCount "70"]
[EventDate "2010.05.31"]
[EventType "swiss"]
[EventRounds "9"]
[EventCountry "GER"]
[SourceTitle "EXT 2011"]
[Source "ChessBase"]
[SourceDate "2010.11.26"]
[SourceVersion "1"]
[SourceVersionDate "2010.11.26"]
[SourceQuality "1"]

1. d4 Nf6 2. Nf3 e6 3. c4 d5 4. cxd5 exd5 5. Nc3 Be7 6. Bg5 0-0 7. Qc2 c6 8. e3 Re8 9. Bd3 Nbd7 10. 0-0 Nf8 11. Rab1 Ne4 12. Bxe7 Qxe7 13. b4 Ng6 14. b5 Nxc3 15. Qxc3 Bg4 16. Bxg6 Bxf3 17. gxf3 Qg5+ 18. Kh1 Qxg6 19. bxc6 bxc6 20. Rb7 Qf5 21. Rfb1 Qxf3+ 22. Kg1 h5 23. Qxc6 Re6 24. Qc2 Rg6+ 25. Kf1 Qh3+ 26. Ke2 Qxh2 27. Qf5 Rf6 28. Qxd5 Qxf2+ 29. Kd3 Re8 30. Re7 Rc8 31. Rc7 Rxc7 32. Qd8+ Kh7 33. Qxc7 Qf5+ 34. e4 Qf3+ 35. Kc4 Qxe4 0-1